000 00750nam a2200253Ia 4500
005 20220316235206.0
008 121119s1996 sp a gr 000 0 spa
020 _a843298325X
041 0 _aspa
082 0 4 _a745.542
_bS76F
100 1 _aStorkenmaier, Helga
245 1 0 _aFiguras con papel maché
_cHelga Storkenmaier
250 _aSexta edición
264 _aBarcelona
_bCeac
_c1996
300 _a35 páginas
_bilustraciones
_c18 cm.
336 _atexto
_btxt
_2rdacontent
337 _asin mediación
_bn
_2rdamedia
338 _avolumen
_bnc
_2rdacarrier
650 1 4 _2LEMB
_aPapel maché
650 1 4 _2LEMB
_aTrabajos en papel
650 1 4 _2LEMB
_aTrabajos manuales
_vEducación
942 _2ddc
_cBK
040 _aCO-BoRNBP
_bspa
_erda
_cCO-BoRNBP
999 _c191
_d191